000 01031naa a2200277 c 4500
001 36286
003 ES-MaCES
005 20060410125700.0
008 060410n2006 sp t 000 | spa d
035 _aCES20060005500v
040 _aES-MaCES
_bspa
_cES-MaCES
100 1 _aHierro Hierro, Francisco Javier
_914820
245 1 3 _aLa protección de la situación de dependencia-pérdida de autonomía de las personas mayores en Francia
_cFrancisco Javier Hierro Hierro
650 4 _aFrancia
_926943
650 4 _aprestaciones de invalidez
_927036
650 4 _aprestaciones de vejez
_927041
650 4 _acuidado no profesional
_930651
650 4 _adependencia
_929506
650 4 _aprotección social
_929076
650 4 _apersonas de edad avanzada
_928521
653 1 0 _aAsuntos Sociales
773 0 _tActualidad laboral
_gn. 5 (1ª quinc. marzo 2006){10002 R. 063739}; p. 505-529
_w(ES-MaCES)25022
_929218
902 _aART Artículo de revista
942 _2CES
_cAR
_h3.3.
999 _c36286
_d36286